000 00292nam a2200109Ia 4500
008 200302s9999 xx 000 0 und d
100 _aRichard Ingersoll
245 _aSprawltown Looking for the City on Its Edges
260 _bPronceton Architectural Press
260 _c2006
300 _a182 P.,
999 _c5896
_d5896